01626nam a22001937a 450000500170000000800410001702000180005804000070007604100080008308200230009110000160011424500310013026000550016130000290021636500600024552010780030565000310138370000180141420211011095700.0211008b ||||| |||| 00| 0 eng d a9780670090228 cAL aeng 223a658.4092bCASS aPeter Casey aStory of Tata 1868 to 2021 aHaryanabPenguin Random House India Pvt Ltd.c2021 axx,207 p.bHBc24x15 cm. aBLCR-000063b₹559.20c₹d₹699.00e20%f04-10-2021 aThe first and only authorized biography on Tata Group including the Tata-Mistry legal battle, exclusive interviews with Ratan Tata, and never-before-seen photographs of the Tata family. In 1868, Jamsetji Tata, a visionary of his time, lit the flame that went on to become Tata and its group of companies. This business grew into an extraordinary one. One that some may even call 'the greatest company in the world'. Over the decades, the business expanded and prospered under the leadership of the various keepers of the flame, such as Sir Dorabji Tata, J.R.D. Tata and Ratan Tata, to name a few. But one day, the headlines boldly declared that the chairman of the board of Tata Sons, Cyrus Mistry, had been fired. What went wrong? In this exclusive and authorized book, insiders of the Tata businesses open up to Peter Casey for the first time to tell the story. From its humble beginnings as a mercantile company to its growth as a successful yet philanthropic organization to its recent brush with Mistry, this is a book that every business-minded individual must read  aStory of Tata 1868 to 2021 aCASEY (Peter)